Flagi Afryki na mapie - Statystyki

Ogólne statystyki
  • Ten quiz został rozwiązany 6 712 razy
  • Średni wynik to 29 z 54
Odpowiedzi na mapie
Odpowiedzi zakodowano w zielono-czerwonej skali na mapie do tego quizu, zgodnie z poniższymi procentami.
 
Statystyki odpowiedzi
Odpowiedź % Poprawnych
90%
86%
85%
85%
74%
72%
70%
70%
68%
64%
63%
63%
63%
63%
61%
59%
58%
57%
57%
57%
56%
56%
54%
54%
53%
52%
51%
51%
51%
50%
49%
49%
49%
48%
48%
47%
46%
45%
44%
43%
43%
42%
42%
41%
41%
41%
40%
39%
39%
38%
37%
35%
31%
26%
Nie znaleziono quizów pasujących do podanych kryteriów
Rozkład punktacji
Procent ludzi z każdym wynikiem
Percentyl według liczby udzielonych odpowiedzi
Twoja historia wyników
Nie rozwiązałeś tego quizu